[Event "Sochi ChessAmateur op"]
[Site "Sochi"]
[Date "2018.04.06"]
[Round "8"]
[White "Ostroukh, Nikolay"]
[Black "Krylov, Sergei D"]
[Result "1/2-1/2"]
[WhiteElo "1617"]
[BlackElo "1753"]
[PlyCount "86"]
[EventDate "2018.04.01"]
[EventType "swiss"]
[EventRounds "9"]
[EventCountry "RUS"]
[SourceTitle "CBM 184 Extra"]
[Source "ChessBase"]
[SourceDate "2018.06.28"]
[SourceVersion "1"]
[SourceVersionDate "2018.06.28"]
[SourceQuality "1"]

1. Nf3 d5 2. g3 c6 3. Bg2 Bg4 4. 0-0 Nd7 5. d3 Ngf6 6. c3 e6 7. Re1 Bd6 8. Nbd2 0-0 9. h3 Bxf3 10. Nxf3 Rc8 11. e4 dxe4 12. dxe4 Ne5 13. Nxe5 Bxe5 14. Qxd8 Rfxd8 15. f4 Bc7 16. e5 Nd5 17. Bxd5 Rxd5 18. Be3 Rcd8 19. Kf2 f6 20. exf6 gxf6 21. c4 Rh5 22. Rh1 Bb6 23. Ke2 Bxe3 24. Kxe3 Kf7 25. h4 e5 26. Rad1 Re8 27. Rd7+ Re7 28. Rxe7+ Kxe7 29. b4 exf4+ 30. Kxf4 Re5 31. Rh2 h5 32. Rd2 a5 33. a3 b6 34. Rd3 Re1 35. Re3+ Rxe3 36. Kxe3 axb4 37. axb4 f5 38. Kd4 Kd6 39. c5+ bxc5+ 40. bxc5+ Ke6 41. Ke3 Ke5 42. Kf3 Ke6 43. Kf4 Kf6 1/2-1/2

[Event "Sochi ChessAmateur op"]
[Site "Sochi"]
[Date "2018.04.01"]
[Round "1"]
[White "Yezhel, Valiantsin"]
[Black "Krylov, Sergei D"]
[Result "1-0"]
[WhiteElo "2216"]
[BlackElo "1753"]
[PlyCount "59"]
[EventDate "2018.04.01"]
[EventType "swiss"]
[EventRounds "9"]
[EventCountry "RUS"]
[SourceTitle "CBM 184 Extra"]
[Source "ChessBase"]
[SourceDate "2018.06.28"]
[SourceVersion "1"]
[SourceVersionDate "2018.06.28"]
[SourceQuality "1"]

1. d4 Nf6 2. c4 e6 3. Nf3 d5 4. g3 c6 5. Bg2 Bb4+ 6. Bd2 Bxd2+ 7. Nbxd2 Nbd7 8. 0-0 0-0 9. Qc2 Re8 10. Rfd1 Rb8 11. e4 dxe4 12. Nxe4 Nxe4 13. Qxe4 Qf6 14. Ne5 Nxe5 15. dxe5 Qe7 16. Rd6 b5 17. c5 Bb7 18. Rad1 Rbd8 19. Qd4 Rxd6 20. cxd6 Qd7 21. Qxa7 Ra8 22. Qb6 Kf8 23. a3 Ke8 24. Rc1 Ra6 25. Qe3 Qd8 26. Qd3 g6 27. Qe3 Kf8 28. Be4 Kg7 29. h4 h6 30. Rc3 1-0